Southville International School and Colleges
Your cart is empty.
  • Cart
  • Lists
    Public lists Eva Luna New books Lux_list list_1
    Your lists Log in to create your own lists
  • Log in to your account
  • Your cookies
  • Search history
Southville International School and Colleges
  • Advanced search
  • Recent comments
  • Most popular
  • Libraries

Log in to your account

Log in with GOOGLE


If you do not have an external account, but do have a local account, you can still log in:

  1. Home
  2. MARC view: Creating wealth and managing finances/
Normal view MARC view ISBD view

Creating wealth and managing finances/ (Record no. 362765)

[ view plain ]
MARC details
000 -LEADER
fixed length control field 00532nam a2200193Ia 4500
003 - CONTROL NUMBER IDENTIFIER
control field 0
005 - DATE AND TIME OF LATEST TRANSACTION
control field 20241113171058.0
008 - FIXED-LENGTH DATA ELEMENTS--GENERAL INFORMATION
fixed length control field 191129s9999 xx 000 0 und d
020 ## - INTERNATIONAL STANDARD BOOK NUMBER
International Standard Book Number 9789710023318
050 ## - LIBRARY OF CONGRESS CALL NUMBER
Classification number HG 179
Item number .C118 2018
082 ## - DEWEY DECIMAL CLASSIFICATION NUMBER
Classification number TR 658.15
Item number C118 2018
100 ## - MAIN ENTRY--PERSONAL NAME
Personal name Cacanando, Jose Feron
245 ## - TITLE STATEMENT
Statement of responsibility, etc Jose Feron Cacanando
Title Creating wealth and managing finances/
260 ## - PUBLICATION, DISTRIBUTION, ETC. (IMPRINT)
Place of publication, distribution, etc Manila:
Name of publisher, distributor, etc CSM Publishing
Date of publication, distribution, etc 2018
300 ## - PHYSICAL DESCRIPTION
Extent 127 p. ;
Other physical details ill. :
Dimensions 20 cm.
650 ## - SUBJECT ADDED ENTRY--TOPICAL TERM
Topical term or geographic name as entry element Business
650 ## - SUBJECT ADDED ENTRY--TOPICAL TERM
Topical term or geographic name as entry element Financial
942 ## - ADDED ENTRY ELEMENTS (KOHA)
Source of classification or shelving scheme Library of Congress Classification
Koha item type Books
Holdings
Withdrawn status Lost status Source of classification or shelving scheme Damaged status Home library Current library Shelving location Date acquired Source of acquisition Total Checkouts Full call number Barcode Date last seen Price effective from Koha item type
    Library of Congress Classification   Luxembourg Library Luxembourg Library Filipiniana Section 11/29/2019 Donation   HG 179 .C118 2018 20820 11/29/2019 11/29/2019 Books
    Dewey Decimal Classification   Munich Library Munich Library Teachers Reference Section 11/13/2024 Library Fund   TR 658.15 C118 2018 M8469 11/13/2024 11/13/2024 Books

Creating wealth and managing finances/

APA

Cacanando J. F., . (2018). Creating wealth and managing finances. Manila: CSM Publishing.

Chicago

Cacanando Jose Feron, . 2018. Creating wealth and managing finances. Manila: CSM Publishing.

Harvard

Cacanando J. F., . (2018). Creating wealth and managing finances. Manila: CSM Publishing.

MLA

Cacanando Jose Feron, . Creating wealth and managing finances. Manila: CSM Publishing. 2018.

  • Place hold
  • Print
  • Cite
  • Add to your cart (remove)
  • Save record
    BIBTEX Dublin Core MARCXML MARC (non-Unicode/MARC-8) MARC (Unicode/UTF-8) MARC (Unicode/UTF-8, Standard) MODS (XML) RIS
  • More searches
    Search for this title in:
    Other Libraries (WorldCat) Other Databases (Google Scholar) Online Stores (Bookfinder.com) Open Library (openlibrary.org)

Exporting to Dublin Core...

SOUTHVILLE LIBRARY

Southville International School and Colleges Library

1281 Tropical Ave. Cor. Luxembourg St., BF Homes International, Las Pinas City

Tel. No. 8256374 / 252358 Loc. 117/146

Powered by Koha